| 000 | 00632nam a2200181Ia 4500 | ||
|---|---|---|---|
| 001 | 20104 | ||
| 005 | 20260306172741.0 | ||
| 008 | 260306t2022||||xx |||||||||||||| ||spa|| | ||
| 041 | _aESP | ||
| 082 |
_a342.211 _bR63 |
||
| 100 |
_aRío Santos, Fruela _eAUT |
||
| 245 | 0 |
_aDerechos humanos y derecho internacional humanitario: _btextos normativos de las Naciones Unidas, del Consejo de Europa, de la Unión Europea, de la Organización de los Estados Americanos y de la Organización para la Unidad Africana |
|
| 260 | _c2022 | ||
| 300 |
_a880 páginas : _c24 cm. |
||
| 650 | _aGEN | ||
| 654 | _aCDE | ||
| 942 |
_cLIB _dJUS _fJUS _2ddc _n |
||
| 999 |
_c20104 _d20104 |
||